000 00668nam a2200205Ii 4500
003 JO-AjNU
008 230605s9999||||xx |||||||||||||| ||und||
017 _a1974/5429
040 _aJO-AjNU
_bara
_erda
_cJO-AjNU
041 _aara
050 1 4 _aDS166 1974
100 3 _aتاليف بسرى، عادل,
_eauthor
_97189
245 0 0 _aرحلة الساق المعلقة من رأس العش إلى راس الكوبرى
264 3 1 _aالقاهرة: دار المعارف، 1974
300 _a300ص
336 _atext
_btxt
_2rdacontent
337 _aunmediated
_bn
_2rdamedia
338 _avolume
_bnc
_2rdacarrier
650 4 _aقناة السويس -تاريخ
_97190
999 _aA153
_c3721
_d3721